000 00318 a2200085 4500
020 _a9781770850408
100 _a Francesc Zamora Mola
245 _a1000 Details in Landscape Architecture: A Selection of the World's Most Interesting Landscaping Elements: Meeting the Sacred in Nature
260 _b‎ Firefly Books Ltd
_c2012
999 _c13435
_d13435